NCAA Institutions in Connecticut - Statistics

General Stats
  • This quiz has been taken 35 times
  • The average score is 11 of 20
Answer Stats
Conference School Team Name % Correct
Division I Big East Connecticut Huskies
100%
Division I Ivy League Yale Bulldogs
100%
Division I Northeast Central Connecticut State Blue Devils
74%
Division I MAAC Fairfield Stags
74%
Division II Northeast-10 New Haven Chargers
70%
Division I MAAC Quinnipiac Bobcats
67%
Division I MAAC Sacred Heart Pioneers
67%
Division III CNE Hartford Hawks
63%
Division III NESCAC Connecticut College Camels
56%
Division III Little East Eastern Connecticut State Warriors
56%
Division II Northeast-10 Southern Connecticut State Owls
56%
Division III NESCAC Trinity Bantams
52%
Division III NESCAC Wesleyan Cardinals
52%
Division II Central Athletic Bridgeport Purple Knights
48%
Division III NEWMAC Coast Guard Academy Bears
41%
Division III Great Northeast Saint Joseph Blue Jays
37%
Division III Great Northeast Mitchell Mariners
30%
Division III Little East Western Connecticut State Wolves
30%
Division III Great Northeast Albertus Magnus Falcons
19%
Division II Central Athletic Post Eagles
19%
No matching quizzes found
Score Distribution
Percent of People with Each Score
Percentile by Number Answered
Your Score History
You have not taken this quiz